00974nam a2200289 a 450000100060000000300080000600500170001400800410003103500190007203500180009104000320010904100080014104200120014908200180016124500850017926000580026430000200032265000260034265000210036865000230038970000280041270000290044071000410046994200120051099900170052295201450053978357BD-RjUL20211209083124.0210913s1949 nyu 000 0 eng  a(BD-RjUL)78583 a(OCoLC)388123 aDLCcODaWUdOCoLCdDLCbeng aeng apremarc a901bREF 194900aReflections on our age /cIntrod. by David Hardman. Foreword by Stephen Spender. aNew York ;aParis:bColumbia University Press,c1949. a346 p.;c22 cm. 0aCivilization.9247763 0aScience.9247764 0aEducation.9247765 aHardman, David 9247768 aSpender, Stephen 9579702 aUnesco.bGeneral Conference.9247767 2ddccBK c78357d78357 00102ddc40718NFICaRUCLbRUCLcReadingd1991-07-09eDhaka : Pro. Shakat Osmanl0o901 REF 1949r2021-09-13 00:00:00tC-1w2021-09-13yBK